000
00335nam a2200133Ia 4500
001
2088
008
241024s9999 xx 000 0 und d
082
_a
RD/370.97293/M870e
100
_a
Ramón Morrison
245
0
_a
Evaluación sobre el uso e impacto de los libros de texto
260
_b
Ed. Centenario
590
_a
si
999
_c
9136
_d
9136